00506nam a2200157Ia 450000500170000000800410001708200220005810000180008024500360009826000390013430000120017350000440018594200060022995200980023599900150033320250620032150.0240331s9999 xx 000 0 und d bWIJa322Ratmalana aWijayalath, C 0aWijeveera ghathanaye abhirahasa aRatmalanabNawamage printersc1994 a94 p ., aA book of mystery of Wijeweera's murder cL 001040708LaWERCLbWERCLcSSCd2024-03-31l0o 323.42 WIJp3329r2024-03-31w2024-03-31yL c2516d2516